| 000 | 00923nam a2200253 a 4500 | ||
|---|---|---|---|
| 001 | BRCA_2294 | ||
| 005 | 20190320203739.0 | ||
| 008 | 040318s2000 mx-a---###---#000-0#spa-d | ||
| 020 | _a9685059314 | ||
| 040 |
_aDLC _cDLC |
||
| 050 | 4 |
_aBX4220 _b.C37 2000 |
|
| 100 | 1 |
_aCastelló Yturbide, Teresa _92444 |
|
| 245 | 1 | 0 |
_aDelicias de antaño _bhistoria y recetas de los conventos mexicanos _cTeresa Castelló Yturbide, María Josefa Martínez del Río de Redo ; fotografía Michael Zabé. |
| 260 |
_aMéxico _bLanducci : Américo Arte _c2000 |
||
| 300 |
_a273 p. _bil. a color _c35 cm. |
||
| 504 | _aBibliografía : p. 270-273 | ||
| 650 | 1 | 4 |
_aRecetas _zMéxico _96870 |
| 650 | 1 | 4 |
_aConventos _xHistoria _zMéxico _92513 |
| 650 | 1 | 4 |
_aCocina mexicana _xHistoria _96871 |
| 650 | 1 | 4 |
_aMonjas _xAlimento _zMéxico _96872 |
| 700 | 1 |
_aMartínez del Río de Redo, María Josefa _96873 |
|
| 700 | 1 |
_aZabé, Michel _938 |
|
| 942 |
_2lcc _cB |
||
| 999 |
_c2039 _d2039 |
||